Pracovné právo

Guardado en:
Detalles Bibliográficos
Autor principal: Schultz, Ivan
Autor Corporativo: Vysoká škola ekonomická v Bratislave. Obchodná fakulta
Otros Autores: Šebestová, Oľga
Formato: Libro
Lenguaje:eslovaco
Publicado: Bratislava VŠE 1990
Edición:1. vyd.
Etiquetas: Agregar Etiqueta
Sin Etiquetas, Sea el primero en etiquetar este registro!

MARC

LEADER 00000nam a2200000 4500
001 c034800
005 20230116121514.7
041 0 |a slo 
044 |a SK 
245 1 0 |a Pracovné právo  |c Ivan Schultz, Oľga Šebestová 
250 |a 1. vyd. 
264 1 |a Bratislava  |b VŠE  |c 1990 
300 |a 147 s. 
100 1 |a Schultz, Ivan 
700 1 |a Šebestová, Oľga 
710 2 |a Vysoká škola ekonomická v Bratislave. Obchodná fakulta